<?xml version="1.0" encoding="UTF-8"?><?xml-stylesheet type="text/xsl" href="static/style.xsl"?><OAI-PMH xmlns="http://www.openarchives.org/OAI/2.0/" xmlns:xsi="http://www.w3.org/2001/XMLSchema-instance" xsi:schemaLocation="http://www.openarchives.org/OAI/2.0/ http://www.openarchives.org/OAI/2.0/OAI-PMH.xsd"><responseDate>2026-04-14T03:12:44Z</responseDate><request verb="GetRecord" identifier="oai:www.recercat.cat:2445/165317" metadataPrefix="marc">https://recercat.cat/oai/request</request><GetRecord><record><header><identifier>oai:recercat.cat:2445/165317</identifier><datestamp>2025-12-05T10:01:10Z</datestamp><setSpec>com_2072_1057</setSpec><setSpec>col_2072_478819</setSpec><setSpec>col_2072_478917</setSpec></header><metadata><record xmlns="http://www.loc.gov/MARC21/slim" xmlns:dcterms="http://purl.org/dc/terms/" xmlns:xsi="http://www.w3.org/2001/XMLSchema-instance" xmlns:doc="http://www.lyncode.com/xoai" xsi:schemaLocation="http://www.loc.gov/MARC21/slim http://www.loc.gov/standards/marcxml/schema/MARC21slim.xsd">
   <leader>00925njm 22002777a 4500</leader>
   <datafield ind2=" " ind1=" " tag="042">
      <subfield code="a">dc</subfield>
   </datafield>
   <datafield ind2=" " ind1=" " tag="720">
      <subfield code="a">Castany Prado, Bernat</subfield>
      <subfield code="e">author</subfield>
   </datafield>
   <datafield ind2=" " ind1=" " tag="260">
      <subfield code="c">2020-06-12T08:30:17Z</subfield>
   </datafield>
   <datafield ind2=" " ind1=" " tag="260">
      <subfield code="c">2020-06-12T08:30:17Z</subfield>
   </datafield>
   <datafield ind2=" " ind1=" " tag="260">
      <subfield code="c">2016-12-01</subfield>
   </datafield>
   <datafield ind2=" " ind1=" " tag="260">
      <subfield code="c">2020-06-12T08:30:17Z</subfield>
   </datafield>
   <datafield ind2=" " ind1=" " tag="520">
      <subfield code="a">Sabine Schlickers, profesora en la Universidad de Bremen, nos ofrece en su último libro, intitulado La conquista imaginaria de América: crónicas, literatura y cine (2015), un documentado y profundo estudio de las "representaciones historiográficas, literarias y fílmicas de momentos claves de la historia colonial de Latinoamérica" (p. 9). En la línea de los estudios del "giro historiográfico" ("mnemonic turn") y del "giro metahistoriográfico", iniciado por Hayden White, Schlickers se ocupa de analizar los diferentes modos en que los sucesos históricos son recordados, con la intención de extraer consideraciones tanto epistemológicas como sociales y políticas sobre lo que Tzvetan Todorov denominó "los abusos de la memoria" y Manuel Cruz, "las malas pasadas del pasado".</subfield>
   </datafield>
   <datafield tag="653" ind2=" " ind1=" ">
      <subfield code="a">Ressenyes (Documents)</subfield>
   </datafield>
   <datafield tag="653" ind2=" " ind1=" ">
      <subfield code="a">Reviews (Documents)</subfield>
   </datafield>
   <datafield ind2="0" ind1="0" tag="245">
      <subfield code="a">The imaginary conquest of America: chronicles, literature and cinema</subfield>
   </datafield>
</record></metadata></record></GetRecord></OAI-PMH>